| 000 | 00410nam a2200145Ia 4500 | ||
|---|---|---|---|
| 008 | 151021s9999 xx 000 0 und d | ||
| 020 | _a9.7881315039e+012 | ||
| 050 | _aHF5415.123.S54 2008 | ||
| 245 | _a_Advertising and promotion An imc Approach | ||
| 260 | _aIndia south-Western 2008 | ||
| 300 | _a650p;ill. | ||
| 500 | _aIncludes index | ||
| 650 | _a_Avertising | ||
| 980 | _a^d20110127 12:07:29^okorir | ||
| 999 |
_c6498 _d6498 |
||